| 000 | 00457cam a22001571 4500 | ||
|---|---|---|---|
| 040 | _cNBuU | ||
| 082 | _a549 GAU 1967 A030 Or. | ||
| 100 | 1 | _aLaffitte, Marc. | |
| 245 | 1 | 0 | _aCours de chimie minérale. |
| 260 |
_aParis, _bGauthier-Villars, Dunod, _c1967. |
||
| 300 |
_axvi, 319 p. _billus. plates (part col.) _c24 cm. |
||
| 490 | 0 | _aCollection Enseignement de la chimie. | |
| 500 | _aIllustrated cover. | ||
| 650 | 0 | _aMineralogical chemistry. | |
| 942 | _cFB | ||
| 999 |
_c11528 _d11528 |
||